000 00555nam a22001577a 4500
003 SGT
020 _a9788120313804
082 _a005.44
_bSIN
100 _aSINHA,PRADEEP K
245 _aDISTRIBUTED OPERATING SYATEMS
_bCONCEPTS AND DESIGN
260 _aNEW DELHI
_bPHI
_c2014
300 _a743
650 _aCOMPUTER SCIENCE ENGINEERING
653 _aCOMPUTER NETWORKS, MESSAGE PASSING,REMOTE PROCEDURE CALLS,DISTRIBUTED SHARED MEMORY, SYNCHRONIZATION,RESOURCE MANAGEMENT, PROCESS MANAGEMENT,DISTRIBUTED FILE SYSTEMS, NAMING, SECURITY
942 _2ddc
_cBK
999 _c8226
_d8226